| 000 | 01142cam a2200301 i 4500 | ||
|---|---|---|---|
| 001 | 17401494 | ||
| 003 | OSt | ||
| 005 | 20230104094451.0 | ||
| 008 | 120725s2012 enka f b 001 0 eng d | ||
| 020 | _a9781849713566 (pbk.) | ||
| 040 |
_aDLC _beng _erda _cDLC _dEG-ScBUE |
||
| 082 | 0 | 4 |
_a745.4 _bTHO _222 |
| 100 | 1 |
_aThorpe, Ann, _eauthor. _937748 |
|
| 245 | 1 | 0 |
_aArchitecture and design versus consumerism : _bhow design activism confronts growth / _cAnn Thorpe. |
| 264 | 1 |
_aAbingdon, England ; _aNew York : _bEarthscan / Taylor & Francis Group : Routledge / Taylor & Francis Group, _c2012. |
|
| 300 |
_axiii, 242 pages : _bcolor illustrations ; _c24 cm. |
||
| 336 |
_2rdacontent _atext _btxt |
||
| 337 |
_2rdamedia _aunmediated _bn |
||
| 338 |
_2rdacarrier _avolume _bnc |
||
| 490 | 0 | _aEarth scan from Routledge | |
| 504 | _aIncludes bibliographical references and index. | ||
| 650 | 7 |
_aDesign _xSocial aspects. _2BUEsh _937749 |
|
| 650 | 7 |
_aArchitecture and society. _2BUEsh _91899 |
|
| 650 | 7 |
_aConsumption (Economics) _xSocial aspects. _2BUEsh _937750 |
|
| 653 |
_bENGARC _cApril2015 |
||
| 655 | _vReading book | ||
| 942 |
_2ddc _k745.4 THO _cBB |
||
| 999 |
_c19228 _d19200 |
||